[Event "8. MEDJUNARODNO OTVORENO PRVENSTVO VOJVO"]
[Site "Novi Sad, Ribarsko ostrvo-4 re"]
[Date "2017.07.20"]
[Round "5.6"]
[White "Kuzmin, Yuriy"]
[Black "Markovic, Miroslav"]
[Result "0-1"]
[WhiteElo "2286"]
[BlackElo "2462"]
[PlyCount "138"]
[EventDate "2017.07.16"]

1. Nf3 Nf6 2. g3 g6 3. Bg2 Bg7 4. O-O O-O 5. d4 d6 6. Nc3 Bg4 7. h3 Bxf3 8.
Bxf3 c6 9. e4 Nbd7 10. Qe2 e6 11. Rd1 Qc7 12. a4 a6 13. a5 Rfe8 14. Be3 Rac8
15. Bg2 Nf8 16. Bd2 N6d7 17. Kh2 Rcd8 18. Bg5 f6 19. Be3 Kh8 20. f4 f5 21. d5
exd5 22. exd5 c5 23. Re1 Nf6 24. Bf2 h5 25. Qd3 Rxe1 26. Bxe1 Re8 27. Qc4 Re7
28. Bd2 Qd8 29. Ra4 h4 30. gxh4 Nh5 31. Ne2 Nd7 32. Qd3 Ndf6 33. Ng1 Qe8 34. b3
Ne4 35. Bxe4 fxe4 36. Qe3 Nxf4 37. Qxf4 Be5 38. Bc3 Bxc3 39. Kg2 Bg7 40. Ne2
Re5 41. Ng3 Qg8 42. Rxe4 Qxd5 43. Qf3 Kg8 44. c4 Qd2+ 45. Re2 Rxe2+ 46. Nxe2
Be5 47. Qe4 Kf8 48. Kf3 Qxa5 49. Qxg6 Qe1 50. Qh6+ Ke7 51. Qg5+ Kd7 52. Qg2 Qb1
53. Qg4+ Kc7 54. h5 Qxb3+ 55. Kg2 b5 56. cxb5 axb5 57. h6 Qc2 58. Qh5 Qh7 59.
Ng1 Bf4 60. Qe8 b4 61. Qa8 Qg6+ 62. Kf1 Qd3+ 63. Kg2 Bxh6 64. Qa7+ Kc6 65. Qa4+
Qb5 66. Qa8+ Qb7 67. Qa4+ Kb6+ 68. Nf3 Bf4 69. Kf2 Qe4 0-1

[Event "8. MEDJUNARODNO OTVORENO PRVENSTVO VOJVO"]
[Site "Novi Sad, Ribarsko ostrvo-4 re"]
[Date "2017.07.20"]
[Round "5.7"]
[White "Gajcin, Marina"]
[Black "Nomin-Erdene, Davaademberel"]
[Result "1/2-1/2"]
[WhiteElo "2282"]
[BlackElo "2373"]
[PlyCount "97"]
[EventDate "2017.07.16"]

1. e4 c6 2. Nf3 d5 3. Nc3 dxe4 4. Nxe4 Nf6 5. Nxf6+ exf6 6. Bc4 Bd6 7. Qe2+ Be7
8. O-O O-O 9. d4 Bg4 10. Be3 Nd7 11. Rad1 Bd6 12. h3 Bh5 13. g4 Bg6 14. Nh4 Re8
15. Nxg6 hxg6 16. Bb3 Nb6 17. Qf3 Bc7 18. c4 Nc8 19. Qg2 Ne7 20. Ba4 Qb8 21.
Rd3 a6 22. Bc2 Bd6 23. Rfd1 Qc7 24. Qf3 Rad8 25. Kg2 Qc8 26. Rb1 Bb8 27. Rh1 c5
28. d5 f5 29. Rdd1 Be5 30. b3 Qc7 31. gxf5 Nxf5 32. Bxf5 gxf5 33. Qxf5 Rd6 34.
Rhe1 Rf6 35. Qh5 Bc3 36. Bd2 Re5 37. Rxe5 Bxe5 38. Re1 Rg6+ 39. Kf1 Bd6 40.
Re8+ Bf8 41. Bg5 Qd6 42. Be7 Qxe7 43. Rxe7 Bxe7 44. Qe5 Bf8 45. Qb8 b6 46. f4
Rf6 47. Ke2 g6 48. Kd3 Kg7 49. Ke2 1/2-1/2

[Event "8. MEDJUNARODNO OTVORENO PRVENSTVO VOJVO"]
[Site "Novi Sad, Ribarsko ostrvo-4 re"]
[Date "2017.07.20"]
[Round "5.8"]
[White "Bala, Karlo"]
[Black "Kosanovic, Goran A"]
[Result "0-1"]
[WhiteElo "2264"]
[BlackElo "2369"]
[PlyCount "72"]
[EventDate "2017.07.16"]

1. d4 d5 2. Bf4 c6 3. e3 Bf5 4. c4 Bxb1 5. Rxb1 e6 6. c5 Nd7 7. Nf3 b6 8. b4 b5
9. a4 a6 10. Bd3 Ngf6 11. h3 Be7 12. Ra1 O-O 13. O-O Nh5 14. Bh2 f5 15. g4 fxg4
16. hxg4 Nhf6 17. Ng5 Qc8 18. Nxe6 Rf7 19. f3 Ne8 20. Qc2 g6 21. axb5 axb5 22.
Rxa8 Qxa8 23. Bxg6 hxg6 24. Qxg6+ Ng7 25. Nxg7 Nf8 26. Qc2 Rxg7 27. Be5 Rh7 28.
Qb2 Qe8 29. Kg2 Ng6 30. Bg3 Bh4 31. Qb1 Bxg3 32. Kxg3 Kg7 33. Qd3 Qh8 34. Kf2
Rh2+ 35. Ke1 Qa8 36. Qb1 Qa3 0-1

[Event "8. MEDJUNARODNO OTVORENO PRVENSTVO VOJVO"]
[Site "Novi Sad, Ribarsko ostrvo-4 re"]
[Date "2017.07.20"]
[Round "5.9"]
[White "Hjelmas, Lars"]
[Black "Pantelic, Sasa"]
[Result "1-0"]
[WhiteElo "2261"]
[BlackElo "2358"]
[PlyCount "73"]
[EventDate "2017.07.16"]

1. d4 Nf6 2. c4 g6 3. Nc3 Bg7 4. e4 d6 5. f4 c5 6. d5 O-O 7. Nf3 e6 8. Be2 exd5
9. cxd5 Re8 10. e5 dxe5 11. fxe5 Ng4 12. e6 fxe6 13. d6 Nc6 14. O-O Nd4 15. Ng5
Ne5 16. Nge4 Nf7 17. Nb5 Rf8 18. Be3 Nxe2+ 19. Qxe2 b6 20. Rad1 Qd7 21. Nc7 Rb8
22. Nf6+ Bxf6 23. Rxf6 Bb7 24. Rxe6 Rbd8 25. Bf4 Qc6 26. Nd5 Qxd5 27. Rxd5 Bxd5
28. Rf6 Bc6 29. Bd2 Bd7 30. Bc3 Bf5 31. g4 Rde8 32. Qf3 Bd7 33. h4 Be6 34.
Rxg6+ hxg6 35. Qf6 Ne5 36. Qxe5 Rf1+ 37. Kg2 1-0

[Event "8. MEDJUNARODNO OTVORENO PRVENSTVO VOJVO"]
[Site "Novi Sad, Ribarsko ostrvo-4 re"]
[Date "2017.07.20"]
[Round "5.10"]
[White "Yordanov, Lachezar"]
[Black "Becker, Marcel"]
[Result "1/2-1/2"]
[WhiteElo "2246"]
[BlackElo "2339"]
[PlyCount "47"]
[EventDate "2017.07.16"]

1. b3 d5 2. Bb2 c5 3. e3 a6 4. Nf3 Nc6 5. d4 cxd4 6. Nxd4 Nf6 7. Be2 e6 8. O-O
Bd6 9. Nxc6 bxc6 10. c4 O-O 11. Nc3 Qe7 12. Rc1 Rb8 13. Qc2 e5 14. Rfd1 Bb7 15.
c5 Bc7 16. e4 d4 17. Nb1 a5 18. Nd2 Ra8 19. Ba3 Ba6 20. Bxa6 Rxa6 21. Nc4 Rd8
22. Qd3 Raa8 23. Nd6 Ne8 24. Nxe8 1/2-1/2

[Event "8. MEDJUNARODNO OTVORENO PRVENSTVO VOJVO"]
[Site "Novi Sad, Ribarsko ostrvo-4 re"]
[Date "2017.07.20"]
[Round "5.11"]
[White "Marjanovic, Annamaria"]
[Black "Juhasz, Bencze"]
[Result "1-0"]
[WhiteElo "2331"]
[BlackElo "2158"]
[PlyCount "91"]
[EventDate "2017.07.16"]

1. c4 g6 2. g3 Bg7 3. Bg2 d6 4. Nc3 e5 5. Rb1 f5 6. d3 Nf6 7. Nf3 O-O 8. O-O h6
9. b4 Nc6 10. b5 Ne7 11. Ba3 Nd7 12. Qc2 a6 13. bxa6 Rxa6 14. Bc1 c6 15. Nd2 g5
16. Nb3 f4 17. Ne4 Nf6 18. Nxf6+ Bxf6 19. Bd2 Bg7 20. Rfd1 Nf5 21. Bf3 g4 22.
Be4 Qf6 23. Rf1 Ne7 24. d4 Nf5 25. dxe5 dxe5 26. Bc3 Nd4 27. Bxd4 exd4 28. Rbd1
Rd8 29. gxf4 Qxf4 30. e3 Qf6 31. exd4 Rf8 32. Kh1 Qf4 33. Bg2 Bf5 34. Qd2 Be4
35. Qxf4 Bxg2+ 36. Kxg2 Rxf4 37. Rd2 h5 38. Re1 Ra4 39. d5 Bc3 40. Re8+ Kf7 41.
Rde2 cxd5 42. cxd5 Bf6 43. Rb8 Rfb4 44. d6 Ra6 45. Rd2 Rbb6 46. d7 1-0

[Event "8. MEDJUNARODNO OTVORENO PRVENSTVO VOJVO"]
[Site "Novi Sad, Ribarsko ostrvo-4 re"]
[Date "2017.07.20"]
[Round "5.12"]
[White "Todorovic, Nenad I"]
[Black "Titov, Ivan"]
[Result "1-0"]
[WhiteElo "2235"]
[BlackElo "2307"]
[PlyCount "61"]
[EventDate "2017.07.16"]

1. e4 c6 2. d4 Na6 3. Nc3 Nc7 4. Nf3 d5 5. e5 Bg4 6. h3 Bh5 7. Bg5 h6 8. Be3 e6
9. Bd3 Ne7 10. O-O Bg6 11. Ne2 Bxd3 12. cxd3 Nf5 13. Ng3 g6 14. Qd2 Be7 15.
Rac1 h5 16. Ne2 Kf8 17. Bg5 Bxg5 18. Nxg5 Qe7 19. g4 hxg4 20. hxg4 Nh4 21. f4
Kg7 22. Kf2 Rh6 23. Rh1 Rah8 24. Rh3 Ne8 25. Rch1 f6 26. exf6+ Nxf6 27. Kg3 e5
28. dxe5 Nh5+ 29. gxh5 Nf5+ 30. Kg2 gxh5 31. Ng3 1-0

[Event "8. MEDJUNARODNO OTVORENO PRVENSTVO VOJVO"]
[Site "Novi Sad, Ribarsko ostrvo-4 re"]
[Date "2017.07.20"]
[Round "5.15"]
[White "Stikovic, Dobrica"]
[Black "Desnica, Vladan"]
[Result "1-0"]
[WhiteElo "2184"]
[BlackElo "2285"]
[PlyCount "75"]
[EventDate "2017.07.16"]

1. c4 e6 2. Nc3 d5 3. d4 Be7 4. cxd5 exd5 5. Bf4 c6 6. e3 Bf5 7. g4 Be6 8. h3
Nd7 9. Bd3 Nb6 10. Nf3 Nf6 11. Rc1 a5 12. Ne5 Ne4 13. Bb1 a4 14. O-O a3 15. b3
Nxc3 16. Rxc3 Nc8 17. Nd3 Nd6 18. f3 Qa5 19. Rc1 Rd8 20. Be5 f6 21. Bg3 Bf7 22.
Nc5 Qa7 23. h4 b6 24. Nd3 Rc8 25. Nb4 Qa8 26. Qe2 c5 27. Bxd6 Bxd6 28. Qb5+ Ke7
29. Bf5 Rc7 30. e4 cxb4 31. Rxc7+ Bxc7 32. Qd7+ Kf8 33. Rc1 Qd8 34. Rxc7 Qxd7
35. Bxd7 g6 36. e5 fxe5 37. dxe5 Be8 38. Bxe8 1-0

[Event "8. MEDJUNARODNO OTVORENO PRVENSTVO VOJVO"]
[Site "Novi Sad, Ribarsko ostrvo-4 re"]
[Date "2017.07.20"]
[Round "5.16"]
[White "Matovic, Mihajlo Z"]
[Black "Jovanovic, Milenko"]
[Result "1/2-1/2"]
[WhiteElo "2266"]
[BlackElo "2176"]
[PlyCount "74"]
[EventDate "2017.07.16"]

1. Nf3 Nf6 2. g3 d5 3. Bg2 c6 4. O-O Bf5 5. b3 Nbd7 6. Bb2 e6 7. d3 Be7 8. Nbd2
O-O 9. c4 Bg6 10. a3 a5 11. Qb1 b5 12. Bc3 Rb8 13. cxb5 cxb5 14. b4 axb4 15.
axb4 Ra8 16. Ra5 Qc7 17. Rc1 Qb7 18. Nb3 Rfc8 19. Nfd4 Rxa5 20. Nxa5 Qa6 21.
Bd2 Nb6 22. Rxc8+ Nxc8 23. Qc2 Nd6 24. Qc7 Bf8 25. Ndb3 Nfe8 26. Qc1 h6 27. Be3
Be7 28. Bc5 Qc8 29. e4 dxe4 30. dxe4 e5 31. f3 f6 32. Bf1 Qe6 33. Be2 Bf7 34.
Qf1 Nc4 35. Bxe7 Qxe7 36. Nxc4 bxc4 37. Nc5 Nd6 1/2-1/2

[Event "8. MEDJUNARODNO OTVORENO PRVENSTVO VOJVO"]
[Site "Novi Sad, Ribarsko ostrvo-4 re"]
[Date "2017.07.20"]
[Round "5.17"]
[White "Mikheev, Stanislav"]
[Black "Peycheva, Gergana"]
[Result "1-0"]
[WhiteElo "2264"]
[BlackElo "2161"]
[PlyCount "75"]
[EventDate "2017.07.16"]

1. d4 Nf6 2. c4 e6 3. Nf3 b6 4. g3 Ba6 5. Qc2 c5 6. d5 exd5 7. cxd5 Bb7 8. Bg2
Nxd5 9. O-O Be7 10. Qe4 Qc7 11. Nh4 O-O 12. Nf5 Bf6 13. Rd1 Na6 14. Rxd5 Nb4
15. Nc3 Nxd5 16. Nxd5 Bxd5 17. Qxd5 Rad8 18. Bf4 Qc6 19. Rd1 Qxd5 20. Bxd5 Bxb2
21. Bd6 Rde8 22. Bc4 g6 23. Nh6+ Kg7 24. Bxf8+ Rxf8 25. Nxf7 b5 26. Bd5 Rxf7
27. Bxf7 Kxf7 28. Rb1 Ba3 29. Rxb5 c4 30. Ra5 Bd6 31. Ra4 c3 32. Rc4 Be5 33. e4
g5 34. Kf1 Ke6 35. Ke2 d5 36. Rc6+ Bd6 37. exd5+ Kxd5 38. Rxc3 1-0

[Event "8. MEDJUNARODNO OTVORENO PRVENSTVO VOJVO"]
[Site "Novi Sad, Ribarsko ostrvo-4 re"]
[Date "2017.07.20"]
[Round "5.18"]
[White "Michalicka, Milan"]
[Black "Velikic, Adela"]
[Result "0-1"]
[WhiteElo "2185"]
[BlackElo "2256"]
[PlyCount "78"]
[EventDate "2017.07.16"]

1. d4 e6 2. c4 Bb4+ 3. Bd2 a5 4. Nf3 Nf6 5. a3 Bxd2+ 6. Qxd2 b6 7. Nc3 Bb7 8.
d5 exd5 9. cxd5 O-O 10. e3 d6 11. Bc4 Nbd7 12. O-O Re8 13. Rac1 a4 14. Bb5 Ba6
15. Bxa6 Rxa6 16. Qe2 Nc5 17. Rcd1 Qd7 18. Rd4 Ra5 19. Rfd1 h6 20. Rf4 Ng4 21.
Nd2 Ne5 22. Nde4 Nb7 23. Rd4 Rea8 24. Rh4 Qd8 25. Rf4 Ng6 26. Rg4 Qd7 27. Qd1
Kh8 28. Rg3 Nc5 29. Qh5 Nxe4 30. Rxe4 Re8 31. Rgg4 Re5 32. Rxe5 Nxe5 33. Rd4 b5
34. Qe2 Nc4 35. g3 c5 36. dxc6 Qxc6 37. Nxb5 Ne5 38. Rb4 Nf3+ 39. Kf1 Nd4 0-1

[Event "8. MEDJUNARODNO OTVORENO PRVENSTVO VOJVO"]
[Site "Novi Sad, Ribarsko ostrvo-4 re"]
[Date "2017.07.20"]
[Round "5.20"]
[White "Tisma, Ivan"]
[Black "Ljubisavljevic, Zivojin Z"]
[Result "1-0"]
[WhiteElo "2221"]
[BlackElo "2120"]
[PlyCount "93"]
[EventDate "2017.07.16"]

1. c4 e5 2. Nc3 f5 3. d3 Nf6 4. Nf3 Nc6 5. g3 Bb4 6. Bd2 Bxc3 7. Bxc3 d6 8. Bg2
O-O 9. O-O Qe8 10. e3 f4 11. exf4 exf4 12. Qd2 Qg6 13. Qxf4 Qxd3 14. Rfe1 Qf5
15. Qxf5 Bxf5 16. Nd4 Nxd4 17. Bxd4 c6 18. Re7 Rf7 19. Rae1 a6 20. h3 h5 21.
R1e3 Kf8 22. Rxf7+ Kxf7 23. Rb3 Bc8 24. Bf3 g6 25. Bg2 Nd7 26. Be4 Nf8 27. Rf3+
Kg8 28. Rf6 Bxh3 29. Rxd6 Be6 30. Bxg6 Bxc4 31. Bxh5 Ne6 32. a3 Nxd4 33. Rxd4
Bd5 34. f4 a5 35. Kf2 Ra6 36. Be2 Rb6 37. b4 axb4 38. axb4 Kf7 39. g4 Ke6 40.
g5 Kd6 41. Ke3 c5 42. bxc5+ Kxc5 43. f5 Rb3+ 44. Bd3 Kd6 45. g6 Ke5 46. g7 Bf7
47. Rd8 1-0

[Event "8. MEDJUNARODNO OTVORENO PRVENSTVO VOJVO"]
[Site "Novi Sad, Ribarsko ostrvo-4 re"]
[Date "2017.07.21"]
[Round "6.1"]
[White "Ernst, Sipke"]
[Black "Pikula, Dejan"]
[Result "1-0"]
[WhiteElo "2522"]
[BlackElo "2457"]
[PlyCount "67"]
[EventDate "2017.07.16"]

1. d4 Nf6 2. c4 e6 3. Nc3 Bb4 4. e3 O-O 5. Bd3 d5 6. Nf3 c5 7. O-O cxd4 8. exd4
dxc4 9. Bxc4 b6 10. Bg5 Bb7 11. Qe2 Nbd7 12. Rac1 Bxc3 13. Rxc3 Qb8 14. Rd1 Bd5
15. Bd3 Rc8 16. Rdc1 Rxc3 17. bxc3 Qb7 18. Ne1 Be4 19. Ba6 Qd5 20. Bf4 Qf5 21.
Bd2 Bc6 22. Nc2 Re8 23. Nb4 Ba8 24. Bd3 Be4 25. Bb5 Rc8 26. f3 Bb7 27. Bd3 Qh5
28. a4 a5 29. Nc2 e5 30. d5 Nc5 31. g4 Qh3 32. Bf5 Re8 33. Bg5 e4 34. Bxf6 1-0

[Event "8. MEDJUNARODNO OTVORENO PRVENSTVO VOJVO"]
[Site "Novi Sad, Ribarsko ostrvo-4 re"]
[Date "2017.07.21"]
[Round "6.3"]
[White "Atalik, Suat"]
[Black "Marjanovic, Annamaria"]
[Result "1/2-1/2"]
[WhiteElo "2525"]
[BlackElo "2331"]
[PlyCount "72"]
[EventDate "2017.07.16"]

1. d4 d5 2. c4 c6 3. Nc3 Nf6 4. e3 Bf5 5. cxd5 cxd5 6. Qb3 Nc6 7. Qxb7 Bd7 8.
Qb3 Rb8 9. Qd1 e5 10. dxe5 Nxe5 11. Be2 Bd6 12. Nf3 O-O 13. O-O Qe7 14. a4 Rfd8
15. Nb5 Nxf3+ 16. Bxf3 Bxb5 17. axb5 Rxb5 18. Qa4 Rb7 19. g3 Be5 20. Ra2 Rdb8
21. b3 Rxb3 22. Qxa7 Qxa7 23. Rxa7 d4 24. Bg2 dxe3 25. Bxe3 h6 26. Re1 Bc3 27.
Rd1 Bb2 28. h4 Ra3 29. Re7 Ra1 30. Rxa1 Bxa1 31. g4 Rd8 32. Bb6 Rd7 33. Re2 Nd5
34. Re8+ Kh7 35. Ba5 g6 36. Re1 Bg7 1/2-1/2

[Event "8. MEDJUNARODNO OTVORENO PRVENSTVO VOJVO"]
[Site "Novi Sad, Ribarsko ostrvo-4 re"]
[Date "2017.07.21"]
[Round "6.4"]
[White "Markovic, Miroslav"]
[Black "Hjelmas, Lars"]
[Result "1-0"]
[WhiteElo "2462"]
[BlackElo "2261"]
[PlyCount "101"]
[EventDate "2017.07.16"]

1. d3 d5 2. Nd2 Nf6 3. g3 c5 4. Bg2 Nc6 5. Ngf3 e6 6. O-O Be7 7. e4 O-O 8. Re1
Qc7 9. c3 b6 10. e5 Nd7 11. Qe2 a5 12. Nf1 a4 13. Bf4 Rd8 14. h4 Nf8 15. h5 b5
16. N1h2 h6 17. Ng4 Nh7 18. a3 b4 19. c4 b3 20. Qe3 Bf8 21. cxd5 Rxd5 22. Nd2
Rd4 23. Be4 Ba6 24. Nf3 Rd7 25. Rad1 Bb7 26. Rc1 Qd8 27. Bxh6 Nd4 28. Bxb7 Rxb7
29. Nxd4 cxd4 30. Qe4 Rbb8 31. Bf4 Rc8 32. h6 Ng5 33. Bxg5 Qxg5 34. Rxc8 Rxc8
35. hxg7 Bxg7 36. Kg2 Rd8 37. Nh2 Qf5 38. Nf3 Rd5 39. Qxf5 exf5 40. Rc1 Bf8 41.
Rc4 Rc5 42. Rxa4 Rc2 43. Ra8 Rxb2 44. Rb8 Kg7 45. Rb5 Bxa3 46. Nxd4 Rd2 47.
Rxb3 Bc5 48. Nxf5+ Kg6 49. d4 Bxd4 50. Nxd4 Rxd4 51. Rb6+ 1-0

[Event "8. MEDJUNARODNO OTVORENO PRVENSTVO VOJVO"]
[Site "Novi Sad, Ribarsko ostrvo-4 re"]
[Date "2017.07.21"]
[Round "6.5"]
[White "Tosic, Miroslav"]
[Black "Todorovic, Nenad I"]
[Result "1-0"]
[WhiteElo "2433"]
[BlackElo "2235"]
[PlyCount "127"]
[EventDate "2017.07.16"]

1. d4 Nf6 2. Nf3 e6 3. e3 c5 4. Bd3 d5 5. O-O Nc6 6. b3 Bd6 7. Bb2 O-O 8. a3 b6
9. Nbd2 Bb7 10. Ne5 Ne7 11. f4 Ne4 12. Qe2 Nf5 13. Rf3 Rc8 14. dxc5 Bxc5 15.
Rh3 f6 16. Ng4 Nxd2 17. Qxd2 d4 18. e4 Ne3 19. Qe2 f5 20. exf5 exf5 21. Nxe3
dxe3 22. Rd1 Rf7 23. b4 Bd4 24. Bxd4 Qxd4 25. Qxe3 Rd8 26. Rf1 Be4 27. Bxe4
fxe4 28. Qxd4 Rxd4 29. Rc3 Rd2 30. g3 Re7 31. Re1 Kf7 32. Rc4 Kf6 33. Rcxe4
Rxe4 34. Rxe4 Rxc2 35. b5 h5 36. Ra4 Rc7 37. Kg2 Kf5 38. Rd4 Rc2+ 39. Kh3 Rc5
40. a4 Rc7 41. Kh4 g6 42. h3 Kf6 43. Rd6+ Kf5 44. Rd8 Kf6 45. Ra8 Rd7 46. Rc8
Rd4 47. Rc6+ Kf5 48. a5 bxa5 49. Ra6 a4 50. Rxa7 g5+ 51. Kxh5 gxf4 52. g4+ Ke5
53. g5 f3 54. Rf7 Rf4 55. Rxf4 Kxf4 56. b6 f2 57. b7 f1=Q 58. b8=Q+ Ke4 59.
Qb4+ Kd5 60. Qa5+ Ke6 61. Qb6+ Kf7 62. g6+ Kg8 63. Qd8+ Kg7 64. Qe7+ 1-0

[Event "8. MEDJUNARODNO OTVORENO PRVENSTVO VOJVO"]
[Site "Novi Sad, Ribarsko ostrvo-4 re"]
[Date "2017.07.21"]
[Round "6.6"]
[White "Drazic, Sinisa"]
[Black "Yordanov, Lachezar"]
[Result "1-0"]
[WhiteElo "2436"]
[BlackElo "2246"]
[PlyCount "109"]
[EventDate "2017.07.16"]

1. d4 Nf6 2. c4 e6 3. a3 b6 4. Nc3 Bb7 5. d5 d6 6. e4 Nbd7 7. Be3 e5 8. b4 Be7
9. Bd3 c5 10. dxc6 Bxc6 11. f3 O-O 12. Nge2 a5 13. O-O axb4 14. axb4 Qc7 15.
Nd5 Bxd5 16. cxd5 Qb7 17. Bb5 Rxa1 18. Qxa1 Nb8 19. Rc1 g6 20. Qc3 Nbd7 21. g3
Kg7 22. Kf2 h5 23. Rc2 Rb8 24. Qa1 Kh7 25. Kg2 Kg7 26. Qc1 Qa7 27. Kf2 Kh7 28.
h3 Kg7 29. h4 Kh7 30. Rc3 Rb7 31. Bc6 Rb8 32. Bb5 Rb7 33. Rc8 Rb8 34. Bg5 Rb7
35. Qc2 Kg7 36. Kg2 Kh7 37. Bc6 Rc7 38. Rxc7 Qxc7 39. Qa4 Nb8 40. Nc3 Ng8 41.
Be3 Nf6 42. Qa8 Nfd7 43. Nb5 Qd8 44. Bxd7 Qxd7 45. Na7 Qc7 46. Nc6 Nxc6 47.
dxc6 Bd8 48. b5 Kg7 49. Qb7 Kf8 50. Kf2 Ke7 51. Ke2 Ke8 52. g4 Kf8 53. gxh5
gxh5 54. Bg5 Ke8 55. Qa8 1-0

[Event "8. MEDJUNARODNO OTVORENO PRVENSTVO VOJVO"]
[Site "Novi Sad, Ribarsko ostrvo-4 re"]
[Date "2017.07.21"]
[Round "6.7"]
[White "Velikic, Adela"]
[Black "Leskur, Dejan"]
[Result "0-1"]
[WhiteElo "2256"]
[BlackElo "2393"]
[PlyCount "64"]
[EventDate "2017.07.16"]

1. e4 c5 2. Nf3 d6 3. d4 cxd4 4. Nxd4 Nf6 5. Nc3 Nc6 6. Bg5 Qb6 7. Nb3 e6 8.
Qd2 a6 9. O-O-O Be7 10. f3 O-O 11. Kb1 Rd8 12. Be3 Qc7 13. Qf2 Nd7 14. g4 b5
15. h4 Rb8 16. g5 Nce5 17. h5 b4 18. Ne2 a5 19. g6 a4 20. Nbd4 Nc5 21. h6 fxg6
22. hxg7 b3 23. cxb3 axb3 24. a3 Bf6 25. Nf4 Qxg7 26. Bh3 Qf7 27. Qh2 Nc4 28.
Bg1 Re8 29. Nd3 Na4 30. Rc1 Naxb2 31. Nxb2 Nxa3+ 32. Ka1 Ra8 0-1

[Event "8. MEDJUNARODNO OTVORENO PRVENSTVO VOJVO"]
[Site "Novi Sad, Ribarsko ostrvo-4 re"]
[Date "2017.07.21"]
[Round "6.8"]
[White "Nomin-Erdene, Davaademberel"]
[Black "Tisma, Ivan"]
[Result "1-0"]
[WhiteElo "2373"]
[BlackElo "2221"]
[PlyCount "93"]
[EventDate "2017.07.16"]

1. e4 c5 2. Nf3 d6 3. d4 cxd4 4. Nxd4 Nf6 5. Nc3 a6 6. Be3 e5 7. Nf3 Qc7 8. a4
Be7 9. a5 Be6 10. Be2 h6 11. O-O Nbd7 12. Ne1 O-O 13. Nd5 Nxd5 14. exd5 Bf5 15.
c4 Bh7 16. b4 f5 17. f4 exf4 18. Bxf4 Bf6 19. Rc1 b6 20. axb6 Qxb6+ 21. c5 Qxb4
22. Rc4 Qa3 23. Nc2 Qa2 24. Nb4 Qb2 25. Bxd6 a5 26. Nd3 Qa2 27. Nc1 Qa1 28.
Bxf8 Kxf8 29. d6 Bg8 30. Rc2 Qe5 31. Bf3 Rd8 32. c6 Nb6 33. c7 Rxd6 34. c8=Q+
Nxc8 35. Rxc8+ Ke7 36. Qc2 Be6 37. Ra8 Bd7 38. Kh1 a4 39. Nd3 Qb5 40. Re1+ Kf7
41. Nc5 Bc6 42. Bxc6 Rxc6 43. Qa2+ Kg6 44. Nd7 Bb2 45. Nf8+ Kg5 46. Rxa4 Rc2
47. h4+ 1-0

[Event "8. MEDJUNARODNO OTVORENO PRVENSTVO VOJVO"]
[Site "Novi Sad, Ribarsko ostrvo-4 re"]
[Date "2017.07.21"]
[Round "6.9"]
[White "Tanriverdi, Enes"]
[Black "Stocko, Josip"]
[Result "1-0"]
[WhiteElo "2203"]
[BlackElo "2371"]
[PlyCount "93"]
[EventDate "2017.07.16"]

1. d4 Nf6 2. c4 e6 3. Nf3 Bb4+ 4. Bd2 Qe7 5. g3 Nc6 6. Nc3 O-O 7. Bg2 d5 8. O-O
dxc4 9. e3 Rb8 10. b3 cxb3 11. axb3 Rd8 12. Qc2 e5 13. dxe5 Nxe5 14. Ng5 h6 15.
Nd5 Rxd5 16. Bxb4 Qxb4 17. Bxd5 hxg5 18. Qxc7 Ned7 19. Rfd1 Qb6 20. Qc3 Qc5 21.
Qxc5 Nxc5 22. Rxa7 Be6 23. Bxe6 Nxe6 24. Rd6 g4 25. Rb6 Rc8 26. Rbxb7 Rc1+ 27.
Kg2 Ng5 28. Ra8+ Kh7 29. Rba7 Rb1 30. Ra1 Rxb3 31. R1a3 Rb2 32. Ra2 Rb3 33.
R2a3 Rxa3 34. Rxa3 Nfe4 35. Ra5 g6 36. Ra4 Kg7 37. Ra6 Nd2 38. Ra4 f5 39. Ra7+
Kh6 40. Ra2 Ndf3 41. Ra8 Nh3 42. Rh8+ Kg7 43. Rxh3 Ne1+ 44. Kf1 Nf3 45. Rh4
Nd2+ 46. Kg2 Ne4 47. h3 1-0

[Event "8. MEDJUNARODNO OTVORENO PRVENSTVO VOJVO"]
[Site "Novi Sad, Ribarsko ostrvo-4 re"]
[Date "2017.07.21"]
[Round "6.10"]
[White "Becker, Marcel"]
[Black "Budisavljevic, Luka"]
[Result "1/2-1/2"]
[WhiteElo "2339"]
[BlackElo "2196"]
[PlyCount "46"]
[EventDate "2017.07.16"]

1. d4 Nf6 2. c4 c5 3. d5 e6 4. Nc3 exd5 5. cxd5 d6 6. Nf3 g6 7. Bg5 Bg7 8. Nd2
h6 9. Bh4 g5 10. Bg3 Nh5 11. Qa4+ Kf8 12. Qc2 a6 13. Qa4 Nxg3 14. hxg3 Nd7 15.
e3 Ne5 16. Be2 g4 17. f4 gxf3 18. gxf3 Qg5 19. Kf2 Bf5 20. Nce4 Qg6 21. g4 Bxe4
22. Qxe4 Rc8 23. Qxg6 fxg6 1/2-1/2

[Event "8. MEDJUNARODNO OTVORENO PRVENSTVO VOJVO"]
[Site "Novi Sad, Ribarsko ostrvo-4 re"]
[Date "2017.07.21"]
[Round "6.11"]
[White "Stojkovic, Miroljub"]
[Black "Gajcin, Marina"]
[Result "0-1"]
[WhiteElo "2201"]
[BlackElo "2282"]
[PlyCount "70"]
[EventDate "2017.07.16"]

1. d4 Nf6 2. c4 g6 3. Nc3 d5 4. Nf3 Bg7 5. e3 O-O 6. cxd5 Nxd5 7. Bc4 Nb6 8.
Bb3 Nc6 9. O-O e5 10. d5 Na5 11. e4 Nac4 12. a4 Nd6 13. a5 Nd7 14. Bg5 f6 15.
Be3 h6 16. Nd2 Kh7 17. g3 f5 18. f4 exf4 19. Bxf4 Nxe4 20. Ndxe4 fxe4 21. Nxe4
Bxb2 22. Ra2 Bg7 23. Raf2 b6 24. Rc2 Ba6 25. Bc4 Bxc4 26. Rxc4 Ne5 27. Rc2 Qd7
28. Re1 Rae8 29. Kh1 Re7 30. Kg2 Rd8 31. Rce2 Qf5 32. Nf2 Rde8 33. Qa1 Nc6 34.
Qxg7+ Kxg7 35. dxc6 Rxe2 0-1

[Event "8. MEDJUNARODNO OTVORENO PRVENSTVO VOJVO"]
[Site "Novi Sad, Ribarsko ostrvo-4 re"]
[Date "2017.07.21"]
[Round "6.12"]
[White "Mikheev, Stanislav"]
[Black "Stikovic, Dobrica"]
[Result "1-0"]
[WhiteElo "2264"]
[BlackElo "2184"]
[PlyCount "71"]
[EventDate "2017.07.16"]

1. d4 e6 2. c4 d5 3. Nf3 Nf6 4. g3 dxc4 5. Bg2 Nc6 6. Qa4 Bb4+ 7. Bd2 Nd5 8.
Bxb4 Ndxb4 9. Nc3 Bd7 10. O-O a6 11. Ne5 O-O 12. Nxc6 Nxc6 13. Qxc4 Re8 14.
Rfd1 Na5 15. Qb4 c6 16. Na4 b5 17. Nc5 Re7 18. a4 Be8 19. b3 Nb7 20. axb5 axb5
21. Nd3 Rc7 22. e3 h6 23. Rdc1 Rxa1 24. Rxa1 Qc8 25. Ra7 Nd8 26. Ra5 Nb7 27.
Ra6 c5 28. Nxc5 Nxc5 29. Ra8 Qd7 30. dxc5 Kh7 31. Qe4+ f5 32. Qd4 Bh5 33. c6
Qe7 34. Qd8 Qf7 35. h4 Be2 36. Rb8 1-0

[Event "8. MEDJUNARODNO OTVORENO PRVENSTVO VOJVO"]
[Site "Novi Sad, Ribarsko ostrvo-4 re"]
[Date "2017.07.21"]
[Round "6.13"]
[White "Pantelic, Sasa"]
[Black "Jovanovic, Petar"]
[Result "1-0"]
[WhiteElo "2358"]
[BlackElo "2135"]
[PlyCount "60"]
[EventDate "2017.07.16"]

1. Nf3 c5 2. c4 Nc6 3. g3 g6 4. Bg2 Bg7 5. O-O e6 6. Nc3 d5 7. d3 d4 8. Ne4 b6
9. e3 f5 10. Neg5 h6 11. Nxd4 hxg5 12. Bxc6+ Bd7 13. Nxe6 Qc8 14. Nxg7+ Kf7 15.
Bxd7 Qxd7 16. Qf3 Nf6 17. Nxf5 gxf5 18. b3 Ng4 19. Qd5+ Qxd5 20. cxd5 Rxh2 21.
Bb2 Rd8 22. e4 Rd6 23. f3 Rxb2 24. fxg4 f4 25. gxf4 gxf4 26. Rxf4+ Kg6 27. Rf2
Rxf2 28. Kxf2 Kf6 29. Ke3 Ke5 30. Rh1 Rf6 1-0

[Event "8. MEDJUNARODNO OTVORENO PRVENSTVO VOJVO"]
[Site "Novi Sad, Ribarsko ostrvo-4 re"]
[Date "2017.07.21"]
[Round "6.14"]
[White "Ozen, Bahadir"]
[Black "Pucarevic, Milenko"]
[Result "1-0"]
[WhiteElo "2315"]
[BlackElo "2191"]
[PlyCount "130"]
[EventDate "2017.07.16"]

1. g3 Nf6 2. Bg2 d5 3. d3 c6 4. Nd2 g6 5. e4 Bg7 6. Ngf3 O-O 7. O-O h6 8. Re1
dxe4 9. dxe4 Be6 10. Qe2 Qa5 11. h3 Rd8 12. c3 Qa6 13. Qe3 Rd3 14. Qe2 Rd8 15.
Qd1 c5 16. Bf1 Qc6 17. Qc2 Qc8 18. Kh2 Nc6 19. Nh4 a6 20. f4 b5 21. Ndf3 Rb8
22. g4 Qc7 23. Kh1 Bc4 24. Bxc4 bxc4 25. e5 Nh7 26. e6 Rd3 27. exf7+ Kxf7 28.
Qe2 Qd6 29. Qe4 Rd8 30. Qxc4+ Qd5 31. Qxd5+ R8xd5 32. Kg2 Nf8 33. Kf2 e5 34.
Ng2 Ne6 35. f5 gxf5 36. gxf5 Nc7 37. Ne3 e4 38. Nh4 Rd8 39. Ng6 Ne5 40. Nf4
R3d7 41. Ng4 Nd3+ 42. Nxd3 Rxd3 43. Rxe4 Rxh3 44. Bf4 Rd7 45. f6 Bxf6 46. Bxc7
Rxc7 47. Kg2 Rd3 48. Rf1 Rd2+ 49. Kg1 Rd6 50. Ref4 Rcc6 51. Ne5+ Kg7 52. Nxc6
Rxc6 53. Rc4 Kg6 54. b4 Bg5 55. Kg2 Be7 56. Kh3 Rc7 57. a4 Rc8 58. Rf2 Rc7 59.
Rf3 Rc6 60. Re4 Bg5 61. Rc4 Be7 62. Kg4 Kg7 63. Kh5 Re6 64. b5 axb5 65. axb5
Rg6 1-0